000 00807nam a22001817a 4500
005 20250212124045.0
010 _aHIN-129348
020 _c900.00
_a9788119127856
035 _aHN-101694
037 _bDBAD
082 _a808.883
_b1
100 _aकिदवाई मोहसिना
_977516
245 _aभारतीय राजनीति और मेरा जीवन:
_bरशीद किदवाई की ज़ुबानी/
_cकिदवाई मोहसिना
260 _aउत्तर प्रदेश
_bसेतु प्रकाशन प्रा.लि.
270 _aसी-21 सेक्टर 65
_bनॉएडा
_e201301
300 _a306 पृ.
_c21 सेमी. (सजिल्द)
942 _2ddc
_cHN
_h808.883
_mकिदवा
_e1
999 _c208995
_d208995